Cendrillon (1950) ou La Belle au bois dormant (1959) en 40 clics - Statistiques

Statistiques générales
  • Ce quiz a été pris 68 fois
  • Le résultat moyen est 37 sur 40
Statistiques - réponses
Hint Réponse % Correct
Cendrillon (1950)
98%
Cendrillon (1950)
98%
La Belle au bois dormant (1959)
98%
Cendrillon (1950)
97%
Cendrillon (1950)
97%
Cendrillon (1950)
97%
Cendrillon (1950)
97%
La Belle au bois dormant (1959)
97%
La Belle au bois dormant (1959)
97%
La Belle au bois dormant (1959)
97%
La Belle au bois dormant (1959)
97%
La Belle au bois dormant (1959)
97%
Cendrillon (1950)
95%
Cendrillon (1950)
95%
Cendrillon (1950)
95%
Cendrillon (1950)
95%
Cendrillon (1950)
95%
Cendrillon (1950)
95%
Cendrillon (1950)
95%
Cendrillon (1950)
95%
Cendrillon (1950)
95%
La Belle au bois dormant (1959)
95%
La Belle au bois dormant (1959)
95%
La Belle au bois dormant (1959)
94%
La Belle au bois dormant (1959)
94%
La Belle au bois dormant (1959)
94%
La Belle au bois dormant (1959)
94%
La Belle au bois dormant (1959)
94%
Cendrillon (1950)
92%
Cendrillon (1950)
92%
Cendrillon (1950)
92%
La Belle au bois dormant (1959)
92%
La Belle au bois dormant (1959)
92%
La Belle au bois dormant (1959)
90%
La Belle au bois dormant (1959)
90%
Cendrillon (1950)
87%
Cendrillon (1950)
85%
La Belle au bois dormant (1959)
85%
La Belle au bois dormant (1959)
84%
La Belle au bois dormant (1959)
82%
Aucun quiz correspondant
Distribution des résultats
% des personnes avec chaque résultat
Percentile par nombre de réponses
Votre historique - résultats
Vous n’avez pas pris ce quiz